DESEASES OF FIELD & HORTICULTURE CROPS AND THEIR MANAGEMENT - I ( As per 5th deans committee recommendations ) (Record no. 9057)

MARC details
000 -LEADER
fixed length control field 00508nam a22001697a 4500
005 - DATE AND TIME OF LATEST TRANSACTION
control field 20260310152720.0
008 - FIXED-LENGTH DATA ELEMENTS--GENERAL INFORMATION
fixed length control field 260309b |||||||| |||| 00| 0 eng d
020 ## - INTERNATIONAL STANDARD BOOK NUMBER
ISBN 978-93-87445-24-6
041 ## - LANGUAGE CODE
Language code of text/sound track or separate title eng
082 ## - DEWEY DECIMAL CLASSIFICATION NUMBER
Classification number 632 KUM-D
100 ## - MAIN ENTRY--AUTHOR NAME
Personal name KUMAR DR. SANJEEV
245 ## - TITLE STATEMENT
Title DESEASES OF FIELD & HORTICULTURE CROPS AND THEIR MANAGEMENT - I ( As per 5th deans committee recommendations )
260 ## - PUBLICATION, DISTRIBUTION, ETC. (IMPRINT)
Place of publication NEW DELHI
Name of publisher BRILLION PUBLISHING
Year of publication 2020
300 ## - PHYSICAL DESCRIPTION
Number of Pages 195;P
650 ## - SUBJECT ADDED ENTRY--TOPICAL TERM
Topical Term AGRICULTURE
942 ## - ADDED ENTRY ELEMENTS (KOHA)
Koha item type Books
Holdings
Lost status Damaged status Collection code Home library Current library Shelving location Date acquired Source of acquisition Cost, normal purchase price Serial Enumeration / chronology Full call number Accession Number Koha item type
    AGRICULTURE JRU Library JRU Library NEW ARRIVAL SHELF 09/03/2026 PURCHASE 3600.00 LBI/000880 , DATE-6/03/2026 632 29293 Books